Responses for Show #5373 - Wednesday, January 9, 2008

Dan Pawson game 10.

Contestants

[<< previous game]

Kristen Welsh, a college professor from Geneva, New York

Howard Samson, a project manager from Sunrise, Florida

Dan Pawson, a legislative aide from Boston, Massachusetts (whose 9-day cash winnings total $170,902)

[next game >>]

Jeopardy! Round responses

WORLD FACTS
SITCOM SIBLINGS
(Alex: We'll give you the [*], you identify the show for us.)
HOW MUCH IS THAT DOGGIE IN THE WINDOW?
ANAGRAMMED FOOD & DRINK
WORDS IN HARRY POTTER TITLES
"INT"Y FRESH
    $200 6
(Kristen: What is the Yellow Sea?)

the Red Sea

Kristen
Triple Stumper
    $200 11
Full House

Kristen
    $200 21
a pug

Dan
    $200 22
hops

Dan
    $200 1
(Alex: "The Half-Blood [*]".)

a prince

Dan
    $200 16
tint

Howard
    $400 7
couscous

Kristen
    $400 12
Malcolm in the Middle

Kristen
    $400 27
a labrador retriever

Dan
    $400 23
(Alex: If you flip filter around, you'll come up with [*], we hope.)

trifle

Triple Stumper
    $400 2
prisoner

Howard
    $400 17
a splint

Howard
    $600 8
Uruguay

Dan
    $600 13
Home Improvement

Howard
    $1,200 28
a shar-pei

Dan
    $600 24
scrod

Kristen
    $600 3
(Alex: "Order of the [*]".)

Phoenix

Dan
    $600 18
a sprint

Kristen
    $800 9
the Caucasus Mountains

Kristen
    $800 14
Arrested Development

Dan
    $800 29
(Alex: Marvelous dogs--[*].)

Irish wolfhounds

Triple Stumper
    $800 25
mead

Dan
    $800 4
(Alex: "[*] of Secrets".)

a chamber

Howard
    $800 19
glint

Kristen
    $1000 10
Guinea-Bissau

Kristen
    $1000 15
The Hogan Family

Dan
    $1000 30
(Alex: They're great at barking, too.)

a Jack Russell terrier

Howard
    $1000 26
kale

Dan
    $1000 5
(Alex: "The Philosopher's" and "Sorcerer's [*]".)

stone

Dan
    $1000 20
squint

Kristen

Scores at the first commercial break (after clue 15):

Dan Howard Kristen
$4,200 $1,800 $2,600

Scores at the end of the Jeopardy! Round:

Dan Howard Kristen
$8,000 $3,400 $5,600

Double Jeopardy! Round responses

ANCIENT TIMES
A CHARLIE IN THE BOX
PLAYWRIGHTS
THE MATERIAL WORLD
AMERICAN ART & ARTISTS
5-SYLLABLE WORDS
    $400 1
stars

Dan
    $400 6
(Charlie) Chaplin

Howard
    $400 8
Eugene O'Neill

Dan
    $400 12
marble

Howard
    $400 19
the Thames

Kristen
    $400 14
vegetarian

Dan
    $800 2
the Egyptians

Kristen
    $800 7
Charlie Brown

Kristen
    $800 24
Ibsen

Howard
    $800 13
bronze

Dan
    $800 20
(Andy) Warhol

Dan
    $800 15
a parallelogram

Dan
    $1200 3
Persia

Howard
    $1200 9
Charlie Sheen

Kristen
    $2,000 25
Tennessee Williams

Howard
    $1200 26
polyester

Dan
    $1200 21
(Kristen: Who is Wyeth?)
(Alex: Be more specific.)
(Kristen: Who is... Jamie Wyeth?)
...
(Alex: Who is N.C.? The father.)

N.C. Wyeth

Kristen
Triple Stumper
    $1200 16
magnification

Kristen
    $1600 4
(Howard: What is Budapest?)

Vienna

Howard
Triple Stumper
    $1600 10
Charlize Theron

Kristen
    $1600 28
(Alex: And that playwright was George F. Kaufman... [*].)

George S. Kaufman

Triple Stumper
    $100 27
(Dan: What is... I don't know. Twine?)
(Alex: No. What is [*]? Cordovan leather. You did well to risk just the hundred. You're still in the lead.)

leather

Dan
    $1600 22
(Mary) Cassatt

Dan
    $1600 17
periodical

Howard
    $2000 5
(Dan: Who is Archimedes?)

Diogenes

Dan
Triple Stumper
    $2000 11
Charlie McCarthy

Howard
    $2000 29
Clifford Odets

Triple Stumper
    $2000 30
neoprene

Kristen
    $2000 23
(Alex: And the artist was [*]. Remember the Gibson girl.)

Charles Dana Gibson

Triple Stumper
    $2000 18
unanimity

Dan

Scores at the end of the Double Jeopardy! Round:

Dan Howard Kristen
$14,300 $10,200 $12,400

[wagering suggestions for these scores]

Final Jeopardy! Round responses

THE CATHOLIC CHURCH
(Alex: And upon the Pope's death, this item is shattered.)
...
(Alex: Dan was agonizing over this. He is not Catholic, so maybe that was a hindrance. He came up with a miter, so he will be replaced as champion, but he will finish in third place today with $3800. However, he did win $170,000, so let's not feel too sorry for him. Let's feel happy for Kristen Welsh! $24,800. She returns tomorrow to play again. And we hope you will too. So long, everybody.)
HowardWhat is a miter?
$5,000
KristenWhat is his ring
$12,400
DanWhat is the miter
$10,500
a ring

Final scores:

Dan Howard Kristen
$3,800 $5,200 $24,800
3rd place: $1,000 2nd place: $2,000 New champion: $24,800

Game dynamics:

Coryat scores:

Dan Howard Kristen
$13,800 $9,400 $12,400
21 R
(including 1 DD),
2 W
(including 1 DD)
13 R
(including 1 DD),
1 W
16 R,
2 W

Combined Coryat: $35,600

[game clues] [game scores] [suggest correction]

Game tape date: 2007-10-17
The J! Archive is created by fans, for fans. Scraping, republication, monetization, and malicious use prohibited; this site may use cookies and collect identifying information. See terms. The Jeopardy! game show and all elements thereof, including but not limited to copyright and trademark thereto, are the property of Jeopardy Productions, Inc. and are protected under law. This website is not affiliated with, sponsored by, or operated by Jeopardy Productions, Inc. Join the discussion at JBoard.tv.